[Event "Las Palmas Insular-chT Honor 1718"]
[Site "Las Palmas"]
[Date "2017.11.25"]
[Round "3.1"]
[White "Cruz Pino, Adrian"]
[Black "Ortega Hernandez, Carmelo"]
[Result "1-0"]
[WhiteElo "2158"]
[BlackElo "1862"]
[PlyCount "109"]
[EventDate "2017.10.28"]
[EventType "team-tourn"]
[EventRounds "9"]
[EventCountry "ESP"]
[SourceTitle "EXT 2019"]
[Source "ChessBase"]
[SourceDate "2018.10.10"]
[SourceVersion "1"]
[SourceVersionDate "2018.10.10"]
[SourceQuality "1"]
[WhiteTeam "Sociedad La Montana"]
[BlackTeam "Anand"]
[WhiteTeamCountry "ESP"]
[BlackTeamCountry "ESP"]

1. e4 e6 2. d4 d5 3. Nc3 Nc6 4. Nf3 Bb4 5. e5 Nge7 6. a3 Bxc3+ 7. bxc3 b6 8. h4 Bb7 9. h5 h6 10. g4 Na5 11. Rb1 Qd7 12. Nh4 0-0-0 13. Bh3 Qc6 14. Bd2 Ba6 15. f4 Nc4 16. Kf2 Kb8 17. Bc1 Bb7 18. Qf3 Qa4 19. Qd1 f6 20. exf6 gxf6 21. Re1 e5 22. f5 e4 23. Kg1 Qd7 24. Ng2 Qd6 25. Bf4 Qxa3 26. Rb3 Qa2 27. Qc1 Nc6 28. Bxh6 Rxh6 29. Qxh6 Qxc2 30. Reb1 Nd2 31. Ne1 Nf3+ 32. Nxf3 exf3 33. Qe3 Qe4 34. Qf2 Re8 35. Rf1 Na5 36. Rb2 Ba6 37. Qxf3 Bxf1 38. Qxe4 Rxe4 39. Kxf1 Nc4 40. Re2 Nd6 41. h6 Rxe2 42. Kxe2 Nf7 43. h7 Kc8 44. g5 fxg5 45. f6+ Kd8 46. Be6 Nh8 47. Bxd5 a5 48. Kf3 Ke8 49. Kg4 Kd7 50. Kxg5 c6 51. Ba2 a4 52. Kf5 a3 53. Ke5 Ke8 54. Kd6 Nf7+ 55. Bxf7+ 1-0

[Event "Las Palmas Insular-chT Honor 1718"]
[Site "Las Palmas"]
[Date "2017.11.11"]
[Round "2.2"]
[White "Trujillo Alvarado, Ivan"]
[Black "Ortega Hernandez, Carmelo"]
[Result "0-1"]
[WhiteElo "2125"]
[BlackElo "1862"]
[PlyCount "220"]
[EventDate "2017.10.28"]
[EventType "team-tourn"]
[EventRounds "9"]
[EventCountry "ESP"]
[SourceTitle "EXT 2019"]
[Source "ChessBase"]
[SourceDate "2018.10.10"]
[SourceVersion "1"]
[SourceVersionDate "2018.10.10"]
[SourceQuality "1"]
[WhiteTeam "Tres W"]
[BlackTeam "Anand"]
[WhiteTeamCountry "ESP"]
[BlackTeamCountry "ESP"]

1. d4 e6 2. Nf3 f5 3. g3 Nf6 4. Bg2 Bb4+ 5. c3 Be7 6. 0-0 0-0 7. Nbd2 Nc6 8. Ne1 b6 9. Nd3 d5 10. Nf3 Bd6 11. Nfe5 Bxe5 12. dxe5 Ng4 13. f4 Bb7 14. Ne1 Qd7 15. Nc2 Rfd8 16. e3 Na5 17. Qe2 c5 18. Bd2 Rac8 19. Rfd1 Qe8 20. Be1 Bc6 21. h3 Nh6 22. b3 Bb5 23. Qf2 Nc6 24. Rd2 a5 25. Rad1 Ba6 26. Na3 Nf7 27. Bf1 Bxf1 28. Qxf1 Qe7 29. c4 d4 30. Bf2 dxe3 31. Bxe3 Rxd2 32. Rxd2 Rd8 33. Qe2 Rxd2 34. Qxd2 Qd8 35. Nb5 Qxd2 36. Bxd2 Kf8 37. Kf2 Ke7 38. Ke3 Kd7 39. Bc3 Nb8 40. Na3 Nc6 41. Nc2 Nfd8 42. Ne1 Nf7 43. Nf3 Ke7 44. Kd3 Kd7 45. Kc2 Ke7 46. Kb2 Kd7 47. Bd2 Kc7 48. a3 Kb7 49. b4 Kc7 50. bxc5 bxc5 51. Be3 Kb6 52. Kb3 Nb8 53. Ne1 Nd8 54. Nd3 Nb7 55. Nb2 Nd7 56. Na4+ Kc6 57. Nb2 Nb6 58. Bd2 Kc7 59. Kc3 Kc6 60. Kd3 Kc7 61. Ke2 Kc6 62. Kf3 Kd7 63. g4 g6 64. Kg3 Ke7 65. h4 h5 66. gxh5 gxh5 67. Kf3 Kf7 68. Ke2 Ke7 69. Kd3 Kf7 70. Nd1 Nc8 71. Nc3 Ne7 72. Be1 Ng6 73. Ke3 Ne7 74. Na4 Nc6 75. Kd3 Ke7 76. Bf2 Kd7 77. Bxc5 Kc7 78. Bf2 Ne7 79. Ke3 Kc6 80. Be1 Ng6 81. Bg3 Kc7 82. Kd4 Kc6 83. Nc3 Nc5 84. Ne2 Ne4 85. Be1 Kb6 86. Ke3 a4 87. Nd4 Nc5 88. Bg3 Nf8 89. Be1 Ng6 90. Nf3 Ne4 91. Nd4 Nc5 92. Ne2 Ne4 93. Nd4 Nc5 94. Kf3 Nd3 95. Bg3 Kc5 96. Nxe6+ Kxc4 97. Ke3 Nc5 98. Nxc5 Kxc5 99. Be1 Kd5 100. Bg3 Nf8 101. Kd3 Ne6 102. Kc3 Kc5 103. Bf2+ Kb5 104. Be3 Nc7 105. Kd4 Kc6 106. Kc4 Nd5 107. Bc1 Nb6+ 108. Kb4 Nd7 109. Kxa4 Nc5+ 110. Kb4 Nd3+ 0-1

[Event "Las Palmas Insular-chT Pref 1617"]
[Site "Las Palmas"]
[Date "2016.12.03"]
[Round "6.1"]
[White "Brito Garcia, Alfredo"]
[Black "Ortega Hernandez, Carmelo"]
[Result "1-0"]
[WhiteElo "2344"]
[BlackElo "1868"]
[PlyCount "57"]
[EventDate "2016.10.22"]
[EventType "team-tourn"]
[EventRounds "14"]
[EventCountry "ESP"]
[SourceTitle "EXT 2018"]
[Source "ChessBase"]
[SourceDate "2017.10.13"]
[SourceVersion "1"]
[SourceVersionDate "2017.10.13"]
[SourceQuality "1"]
[WhiteTeam "Guia Univac"]
[BlackTeam "Anand"]
[WhiteTeamCountry "ESP"]
[BlackTeamCountry "ESP"]

1. d4 b6 2. c4 Bb7 3. Nc3 e6 4. a3 f5 5. Nf3 Nf6 6. d5 exd5 7. cxd5 Bc5 8. g3 Ng4 9. e3 a5 10. Bd3 0-0 11. 0-0 Qe8 12. b3 Qh5 13. h4 c6 14. Ne2 cxd5 15. Nf4 Qe8 16. Bb2 Nc6 17. Nxd5 Rc8 18. Be2 Qe4 19. Ng5 Qe8 20. b4 Bd6 21. Bxg4 fxg4 22. Qd3 g6 23. Nf6+ Rxf6 24. Bxf6 Ne5 25. Qxd6 Nf3+ 26. Nxf3 Qe4 27. Qxd7 Kf8 28. Qg7+ Ke8 29. Rad1 1-0

[Event "Las Palmas Insular-chT Pref-B"]
[Site "Las Palmas"]
[Date "2016.01.09"]
[Round "8.2"]
[White "Jerez Lopez, Juan Ramon"]
[Black "Ortega Hernandez, Carmelo"]
[Result "0-1"]
[WhiteElo "1915"]
[BlackElo "1842"]
[PlyCount "86"]
[EventDate "2015.10.17"]
[EventType "team-tourn"]
[EventRounds "14"]
[EventCountry "ESP"]
[SourceTitle "CBM 170 Extra"]
[Source "ChessBase"]
[SourceDate "2016.02.25"]
[SourceVersion "1"]
[SourceVersionDate "2016.02.25"]
[SourceQuality "1"]
[WhiteTeam "Drago de Sataute Centro Goya III"]
[BlackTeam "Anand"]
[WhiteTeamCountry "ESP"]
[BlackTeamCountry "ESP"]

1. Nf3 f5 2. Nc3 Nf6 3. d3 e6 4. e4 fxe4 5. dxe4 Bb4 6. Bd2 0-0 7. Bd3 d6 8. Qe2 e5 9. Bc4+ Kh8 10. Ng5 Qe8 11. 0-0-0 Bxc3 12. Bxc3 a6 13. Bb3 Nc6 14. Qc4 h6 15. h4 b5 16. Nf7+ Kh7 17. Ng5+ Kh8 18. Qe2 b4 19. Be1 Nd4 20. Rxd4 exd4 21. Bxb4 a5 22. Ba3 Ng4 23. f3 Ne5 24. Bc4 Rb8 25. g3 c5 26. f4 Bg4 27. Qf1 g6 28. Be2 Kg7 29. Bxg4 Nxg4 30. Qf3 Ne5 31. Qe2 hxg5 32. fxe5 Qxe5 33. Qg4 Rbe8 34. Re1 gxh4 35. Qxh4 Qh5 36. Qxh5 gxh5 37. b3 Rf3 38. Bb2 Rxg3 39. Kd2 h4 40. c3 Rg2+ 41. Kc1 d3 42. c4+ Kg6 43. Re3 Rf8 0-1

[Event "Las Palmas Insular-chT Pref-B"]
[Site "Las Palmas"]
[Date "2015.12.12"]
[Round "6.1"]
[White "De la Hoz Sanchez, Ruben"]
[Black "Ortega Hernandez, Carmelo"]
[Result "1/2-1/2"]
[WhiteElo "1942"]
[BlackElo "1842"]
[PlyCount "37"]
[EventDate "2015.10.17"]
[EventType "team-tourn"]
[EventRounds "14"]
[EventCountry "ESP"]
[SourceTitle "CBM 170 Extra"]
[Source "ChessBase"]
[SourceDate "2016.02.25"]
[SourceVersion "1"]
[SourceVersionDate "2016.02.25"]
[SourceQuality "1"]
[WhiteTeam "Hotel Avda de Canarias II"]
[BlackTeam "Anand"]
[WhiteTeamCountry "ESP"]
[BlackTeamCountry "ESP"]

1. c4 f5 2. d4 e6 3. Nc3 Bb4 4. Qc2 Nf6 5. Bg5 h6 6. Bxf6 Qxf6 7. Nf3 b6 8. e3 Bb7 9. Be2 0-0 10. a3 Bxc3+ 11. Qxc3 d6 12. 0-0-0 Nd7 13. Ne1 e5 14. dxe5 Nxe5 15. Nf3 Rad8 16. Nxe5 dxe5 17. Bf3 Bxf3 18. gxf3 f4 19. e4 1/2-1/2

[Event "Las Palmas Insular-chT Pref-B"]
[Site "Las Palmas"]
[Date "2015.11.07"]
[Round "2.2"]
[White "Ortega Hernandez, Carmelo"]
[Black "Aguilera Suarez, Antonio"]
[Result "0-1"]
[WhiteElo "1842"]
[BlackElo "1825"]
[PlyCount "70"]
[EventDate "2015.10.17"]
[EventType "team-tourn"]
[EventRounds "14"]
[EventCountry "ESP"]
[SourceTitle "CBM 170 Extra"]
[Source "ChessBase"]
[SourceDate "2016.02.25"]
[SourceVersion "1"]
[SourceVersionDate "2016.02.25"]
[SourceQuality "1"]
[WhiteTeam "Anand"]
[BlackTeam "Telde Los Llanos"]
[WhiteTeamCountry "ESP"]
[BlackTeamCountry "ESP"]

1. d4 d5 2. Bg5 h6 3. Bh4 Nf6 4. e3 Bf5 5. c4 e6 6. Qb3 b6 7. Nc3 c6 8. Rc1 Be7 9. cxd5 exd5 10. Nf3 0-0 11. Be2 Ne4 12. Bg3 Nxg3 13. hxg3 Qd6 14. Ne5 Nd7 15. Nd3 Rfc8 16. Nf4 Qb4 17. Qxb4 Bxb4 18. a3 Bf8 19. Kd2 Re8 20. Bd3 Bxd3 21. Kxd3 Nf6 22. f3 g5 23. Nh5 Nxh5 24. Rxh5 Kg7 25. Ne2 Re6 26. f4 Rae8 27. Re1 Rxe3+ 28. Kd2 f6 29. Kd1 c5 30. dxc5 bxc5 31. Reh1 Rxe2 32. Rxh6 Re1+ 33. Rxe1 Rxe1+ 34. Kxe1 Kxh6 35. f5 g4 0-1

[Event "Las Palmas Insular-chT Pref-A"]
[Site "Las Palmas"]
[Date "2015.04.11"]
[Round "13.2"]
[White "Ortega Hernandez, Carmelo"]
[Black "Perez Brito, Avelino"]
[Result "1/2-1/2"]
[WhiteElo "1851"]
[BlackElo "1778"]
[PlyCount "64"]
[EventDate "2014.11.22"]
[EventType "team-tourn"]
[EventRounds "14"]
[EventCountry "ESP"]
[SourceTitle "EXT 2016"]
[Source "ChessBase"]
[SourceDate "2015.10.08"]
[SourceVersion "1"]
[SourceVersionDate "2015.10.08"]
[SourceQuality "1"]
[WhiteTeam "Pulido San Mateo"]
[BlackTeam "Anand Iberia II"]
[WhiteTeamCountry "ESP"]
[BlackTeamCountry "ESP"]

1. f4 d5 2. Nf3 Nf6 3. e3 c5 4. b3 e6 5. Bb5+ Bd7 6. Qe2 a6 7. Bxd7+ Nbxd7 8. 0-0 Be7 9. Bb2 0-0 10. c4 Rc8 11. d3 Qc7 12. Nbd2 Ng4 13. h3 Ngf6 14. Rac1 Qb8 15. Qf2 Rfe8 16. Ne5 Qd6 17. Rcd1 Bf8 18. Ndf3 Qe7 19. Ng5 g6 20. Qh4 h6 21. Ngxf7 Nh5 22. Qg4 Nxe5 23. Nxe5 Nf6 24. Qxg6+ Qg7 25. Qxg7+ Bxg7 26. g4 Rcd8 27. g5 Nh5 28. Kg2 Rf8 29. gxh6 Bxh6 30. Ng4 Bg7 31. Bxg7 Kxg7 32. Rg1 Kh7 1/2-1/2

[Event "Gran Canaria Cabildo op"]
[Site "Gran Canaria"]
[Date "2015.03.20"]
[Round "7"]
[White "Diaz Mendoza, Eladio"]
[Black "Ortega Hernandez, Carmelo"]
[Result "0-1"]
[WhiteElo "1550"]
[BlackElo "1851"]
[PlyCount "80"]
[EventDate "2015.02.27"]
[EventType "swiss"]
[EventRounds "7"]
[EventCountry "ESP"]
[SourceTitle "CBM 165 Extra"]
[Source "ChessBase"]
[SourceDate "2015.04.21"]
[SourceVersion "1"]
[SourceVersionDate "2015.04.21"]
[SourceQuality "1"]

1. e4 d5 2. exd5 Nf6 3. c4 c6 4. dxc6 Nxc6 5. Be2 e5 6. d3 Bf5 7. Nf3 Bxd3 8. Qxd3 Qxd3 9. Bxd3 e4 10. Bxe4 Nxe4 11. 0-0 Bc5 12. Nbd2 Nd6 13. Re1+ Kd7 14. Ne5+ Nxe5 15. Rxe5 Kc6 16. Nf3 Nxc4 17. Re2 Rad8 18. Bf4 Rhe8 19. Rc2 Kb5 20. a3 Re4 21. g3 f6 22. b3 Ne5 23. Bxe5 fxe5 24. Ng5 Red4 25. Ne6 Rd1+ 26. Rxd1 Rxd1+ 27. Kg2 Bxa3 28. Nxg7 Kb4 29. Rc7 b5 30. Rxa7 Kxb3 31. Ne6 Rd6 32. Ng5 b4 33. Rxh7 Kc2 34. Ne4 Rd3 35. Rb7 b3 36. Kf1 b2 37. Ke2 Rb3 38. Rxb3 Kxb3 39. Nd2+ Ka2 40. Kd1 Bb4 0-1

[Event "Las Palmas Insular-chT Primera-B"]
[Site "Las Palmas"]
[Date "2014.03.15"]
[Round "11.1"]
[White "Garcia Padron, Juan"]
[Black "Ortega Hernandez, Carmelo"]
[Result "0-1"]
[WhiteElo "2215"]
[BlackElo "1815"]
[PlyCount "67"]
[EventDate "2013.11.09"]
[EventType "team-tourn"]
[EventRounds "14"]
[EventCountry "ESP"]
[SourceTitle "EXT 2015"]
[Source "ChessBase"]
[SourceDate "2014.11.20"]
[SourceVersion "1"]
[SourceVersionDate "2014.11.20"]
[SourceQuality "1"]
[WhiteTeam "Estudio Juridicio Hernandez"]
[BlackTeam "Panaderia Pulido San Mateo "]
[WhiteTeamCountry "ESP"]
[BlackTeamCountry "ESP"]

1. e4 e6 2. d4 d5 3. Nc3 Bb4 4. e5 Ne7 5. Qg4 c5 6. a3 Bxc3+ 7. bxc3 g6 8. Nf3 Qa5 9. Bd2 c4 10. h4 h5 11. Qf4 Nf5 12. Ng5 Bd7 13. f3 Ba4 14. Kd1 Nd7 15. g4 hxg4 16. fxg4 Nh6 17. Bg2 0-0-0 18. Rb1 b6 19. Qf3 Bxc2+ 20. Kxc2 Qa4+ 21. Kc1 Qxa3+ 22. Kd1 Qa2 23. Ke2 Rhe8 24. Ne4 Nxe5 25. dxe5 dxe4 26. Qf4 Nxg4 27. Ra1 Qc2 28. Rhd1 e3 29. Qe4 Rxd2+ 30. Rxd2 Qxd2+ 31. Kf3 f5 32. exf6 Ne5+ 33. Kg3 Qf2+ 34. Kh3 0-1

[Event "Las Palmas Insular-chT Pref 1314"]
[Site "Agaete"]
[Date "2014.01.18"]
[Round "6.4"]
[White "Cruz Pino, Adrian"]
[Black "Ortega Hernandez, Carmelo"]
[Result "1-0"]
[WhiteElo "2011"]
[BlackElo "1815"]
[PlyCount "47"]
[EventDate "2013.11.09"]
[EventType "team-tourn"]
[EventRounds "14"]
[EventCountry "ESP"]
[SourceTitle "EXT 2015"]
[Source "ChessBase"]
[SourceDate "2014.11.20"]
[SourceVersion "1"]
[SourceVersionDate "2014.11.20"]
[SourceQuality "1"]
[WhiteTeam "Anand"]
[BlackTeam "Panaderia Pulido San Mateo"]
[WhiteTeamCountry "ESP"]
[BlackTeamCountry "ESP"]

1. c4 e6 2. Nf3 f5 3. d3 Nf6 4. g3 Bb4+ 5. Nbd2 0-0 6. Bg2 Qe8 7. a3 Bxd2+ 8. Nxd2 e5 9. Qc2 d6 10. b4 Nc6 11. Nb3 Qh5 12. Bb2 Qh6 13. Qd2 Qh5 14. 0-0-0 Qe8 15. Kb1 Ne7 16. h3 Rb8 17. Qc3 Qa4 18. f4 Nd7 19. d4 exf4 20. gxf4 b5 21. c5 d5 22. c6 Qa6 23. cxd7 Bxd7 24. Qxc7 1-0

[Event "Las Palmas Insular-chT Pref 1314"]
[Site "Agaete"]
[Date "2013.11.16"]
[Round "2.3"]
[White "Martin Ojeda, Juan Manuel"]
[Black "Ortega Hernandez, Carmelo"]
[Result "1-0"]
[WhiteElo "2248"]
[BlackElo "1815"]
[PlyCount "87"]
[EventDate "2013.11.09"]
[EventType "team-tourn"]
[EventRounds "14"]
[EventCountry "ESP"]
[SourceTitle "EXT 2015"]
[Source "ChessBase"]
[SourceDate "2014.11.20"]
[SourceVersion "1"]
[SourceVersionDate "2014.11.20"]
[SourceQuality "1"]
[WhiteTeam "La Caja de Canarias"]
[BlackTeam "Panaderia Pulido San Mateo"]
[WhiteTeamCountry "ESP"]
[BlackTeamCountry "ESP"]

1. d4 e6 2. e4 d5 3. Nd2 Nf6 4. e5 Nfd7 5. Bd3 c5 6. c3 Nc6 7. Ne2 cxd4 8. cxd4 Qb6 9. Nf3 f6 10. exf6 Nxf6 11. 0-0 Bd6 12. Nc3 0-0 13. Nb5 Bb8 14. a3 Bd7 15. Nc3 Kh8 16. Bc2 a6 17. Bg5 Ng4 18. Bh4 Bf4 19. Bg3 Qc7 20. Ng5 Nf6 21. Bxh7 Nxd4 22. Bg6 Be8 23. Qxd4 e5 24. Qd1 Bxg6 25. Ne6 Qd6 26. Nxf8 Rxf8 27. Bxf4 exf4 28. Qd4 Rd8 29. f3 Kh7 30. Rfe1 Rc8 31. Rad1 Qc5 32. Re5 Bc2 33. Rd2 Bb3 34. Rf5 Qe7 35. Re2 Qc5 36. Rxf4 Nd7 37. Qxc5 Rxc5 38. Re7 Nf6 39. Rxf6 d4 40. Ne4 Rc8 41. Rd6 d3 42. Rxd3 Rc1+ 43. Kf2 Bc4 44. Rdd7 1-0

[Event "Las Palmas Insular-chT Pref 1314"]
[Site "Agaete"]
[Date "2013.11.09"]
[Round "1.4"]
[White "Diaz Suarez, Cayetano"]
[Black "Ortega Hernandez, Carmelo"]
[Result "1/2-1/2"]
[WhiteElo "1850"]
[BlackElo "1815"]
[PlyCount "54"]
[EventDate "2013.11.09"]
[EventType "team-tourn"]
[EventRounds "14"]
[EventCountry "ESP"]
[SourceTitle "EXT 2015"]
[Source "ChessBase"]
[SourceDate "2014.11.20"]
[SourceVersion "1"]
[SourceVersionDate "2014.11.20"]
[SourceQuality "1"]
[WhiteTeam "Univacit Guia"]
[BlackTeam "Panaderia Pulido San Mateo"]
[WhiteTeamCountry "ESP"]
[BlackTeamCountry "ESP"]

1. e4 d5 2. exd5 Nf6 3. d4 Bg4 4. Bb5+ Bd7 5. Bxd7+ Qxd7 6. c4 c6 7. dxc6 Nxc6 8. Nf3 0-0-0 9. Be3 e5 10. d5 e4 11. Qa4 Bb4+ 12. Nfd2 Ne5 13. Qxd7+ Nfxd7 14. 0-0 f5 15. a3 Bc5 16. Bxc5 Nxc5 17. Nc3 h5 18. Rab1 h4 19. b4 Ncd3 20. Nb5 a6 21. Nd4 Rh5 22. Rb3 Nf4 23. g3 Nh3+ 24. Kg2 hxg3 25. fxg3 g6 26. g4 fxg4 27. Ne6 Rdh8 1/2-1/2

[Event "Las Palmas Insular-chT Pref qual"]
[Site "San Fernando"]
[Date "2012.05.05"]
[Round "3.4"]
[White "Ramirez Maillo, Juan Adonay"]
[Black "Ortega Hernandez, Carmelo"]
[Result "0-1"]
[WhiteElo "1575"]
[BlackElo "1771"]
[PlyCount "104"]
[EventDate "2012.04.14"]
[EventType "team-tourn"]
[EventRounds "3"]
[EventCountry "ESP"]
[SourceTitle "EXT 2014"]
[Source "ChessBase"]
[SourceDate "2013.11.20"]
[SourceVersion "1"]
[SourceVersionDate "2013.11.20"]
[SourceQuality "1"]
[WhiteTeam "Cajota 64"]
[BlackTeam "San Mateo"]
[WhiteTeamCountry "ESP"]
[BlackTeamCountry "ESP"]

1. e4 e6 2. Nf3 d5 3. Nc3 Nf6 4. e5 Ne4 5. a3 c5 6. d4 Nxc3 7. bxc3 Qa5 8. Bd2 c4 9. g3 Bd7 10. Bh3 Be7 11. 0-0 Na6 12. Qe1 h6 13. Qe2 Nc7 14. Ne1 0-0-0 15. Ng2 Kb8 16. Rfb1 Ba4 17. Ne3 Nb5 18. Bg2 Rd7 19. Rb2 Nxd4 20. cxd4 c3 21. Bxc3 Qxc3 22. Rab1 Bc6 23. Qa6 Ka8 24. Qd3 Qxd3 25. cxd3 Bxa3 26. Ra2 Be7 27. f4 g6 28. g4 Rc8 29. Bh3 Rdc7 30. f5 Bg5 31. Kf2 Bd7 32. f6 Bxe3+ 33. Kxe3 Rc2 34. Rbb2 Rxb2 35. Rxb2 a5 36. Kd2 g5 37. Bf1 Ka7 38. Be2 Ka6 39. Bd1 b5 40. Bc2 Rc7 41. Rb1 a4 42. Kc1 Ka5 43. Kb2 b4 44. Rh1 a3+ 45. Kb1 Rc3 46. h4 b3 47. Bxb3 Rxb3+ 48. Ka2 Kb4 49. hxg5 hxg5 50. Rh7 Rb2+ 51. Ka1 Kb3 52. Rxf7 Rh2 0-1

[Event "Las Palmas Insular-chT Primera-A"]
[Site "Las Palmas"]
[Date "2012.03.17"]
[Round "13.4"]
[White "Sanchez Perez, Pedro Javier"]
[Black "Ortega Hernandez, Carmelo"]
[Result "1/2-1/2"]
[WhiteElo "2000"]
[BlackElo "1771"]
[PlyCount "68"]
[EventDate "2011.11.12"]
[EventType "team-tourn"]
[EventRounds "14"]
[EventCountry "ESP"]
[SourceTitle "EXT 2013"]
[Source "ChessBase"]
[SourceDate "2012.11.22"]
[SourceVersion "1"]
[SourceVersionDate "2012.11.22"]
[SourceQuality "1"]
[WhiteTeam "La Bagacera"]
[BlackTeam "Panaderia Pulido San Mateo"]
[WhiteTeamCountry "ESP"]
[BlackTeamCountry "ESP"]

1. e4 e6 2. Nf3 d5 3. exd5 exd5 4. d4 Bd6 5. Nc3 c6 6. h3 Bf5 7. Bd3 Ne7 8. Bxf5 Nxf5 9. Qe2+ Qe7 10. Qxe7+ Bxe7 11. 0-0 0-0 12. Bf4 Bf6 13. Ne2 Nd7 14. c3 Rfe8 15. Nc1 Re4 16. Nd3 Rae8 17. Rfe1 h6 18. Nd2 Rxe1+ 19. Rxe1 Rxe1+ 20. Nxe1 g5 21. Bc7 Be7 22. g4 Ng7 23. Nd3 f6 24. Nf1 f5 25. gxf5 Nxf5 26. Ng3 Ng7 27. Ne2 Bf6 28. Kg2 Kf7 29. f4 Ne6 30. Ne5+ Bxe5 31. Bxe5 Kg6 32. Kf3 gxf4 33. Nxf4+ Nxf4 34. Kxf4 Nf6 1/2-1/2

[Event "Las Palmas Insular-chT Primera-A"]
[Site "Las Palmas"]
[Date "2012.03.10"]
[Round "12.4"]
[White "Ortega Hernandez, Carmelo"]
[Black "Haenen, Tom"]
[Result "0-1"]
[WhiteElo "1771"]
[BlackElo "1814"]
[PlyCount "80"]
[EventDate "2011.11.12"]
[EventType "team-tourn"]
[EventRounds "14"]
[EventCountry "ESP"]
[SourceTitle "EXT 2013"]
[Source "ChessBase"]
[SourceDate "2012.11.22"]
[SourceVersion "1"]
[SourceVersionDate "2012.11.22"]
[SourceQuality "1"]
[WhiteTeam "Panaderia Pulido San Mateo"]
[BlackTeam "Anand Iberia"]
[WhiteTeamCountry "ESP"]
[BlackTeamCountry "ESP"]

1. f4 d5 2. Nf3 g6 3. e3 c5 4. Bb5+ Bd7 5. Qe2 a6 6. Bxd7+ Nxd7 7. 0-0 e6 8. d3 Bg7 9. e4 dxe4 10. dxe4 Ne7 11. Nc3 0-0 12. e5 h5 13. Be3 Qc7 14. Rad1 Rad8 15. Rd2 b5 16. Rfd1 b4 17. Ne4 Nd5 18. c4 bxc3 19. Nxc3 N7b6 20. Nxd5 Nxd5 21. Rc1 Nxe3 22. Qxe3 Rxd2 23. Nxd2 Rc8 24. Ne4 c4 25. Nd6 Bf8 26. Ne4 Bb4 27. Kf1 Rd8 28. a3 Ba5 29. Nd6 Bb6 30. Qe4 Qc5 31. Rc2 Qg1+ 32. Ke2 Qf2+ 33. Kd1 Qf1+ 34. Kd2 Ba5+ 35. Ke3 Rb8 36. Nxc4 Rb3+ 37. Kd4 Qd1+ 38. Kc5 Rb5+ 39. Kc6 Qd8 40. Nxa5 Qa8+ 0-1

[Event "Las Palmas Insular-chT Primera-A"]
[Site "Las Palmas"]
[Date "2012.01.14"]
[Round "5.3"]
[White "Ortega Hernandez, Carmelo"]
[Black "Leon Manas, Jose Francisco"]
[Result "1-0"]
[WhiteElo "1771"]
[BlackElo "1720"]
[PlyCount "57"]
[EventDate "2011.11.12"]
[EventType "team-tourn"]
[EventRounds "14"]
[EventCountry "ESP"]
[SourceTitle "EXT 2013"]
[Source "ChessBase"]
[SourceDate "2012.11.22"]
[SourceVersion "1"]
[SourceVersionDate "2012.11.22"]
[SourceQuality "1"]
[WhiteTeam "Panaderia Pulido San Mateo"]
[BlackTeam "Anand Iberia"]
[WhiteTeamCountry "ESP"]
[BlackTeamCountry "ESP"]

1. f4 Nf6 2. Nf3 d6 3. e3 Nc6 4. Bb5 Bd7 5. 0-0 g6 6. d4 a6 7. Bd3 b5 8. e4 Bg4 9. c3 e5 10. d5 Nb8 11. h3 Bh5 12. fxe5 dxe5 13. Bg5 Bc5+ 14. Kh1 Qd6 15. Bxf6 Qxf6 16. g4 Qf4 17. Nh2 Qg5 18. Qf3 Rf8 19. b4 Be3 20. Qf6 Qh6 21. Qxe5+ Kd7 22. a4 bxa4 23. Rxa4 g5 24. gxh5 Qxh5 25. Ng4 Qxh3+ 26. Nh2 f5 27. Rxf5 Re8 28. Rf7+ Kd8 29. Qxc7# 1-0

[Event "Las Palmas Insular-chT Primera-A"]
[Site "Las Palmas"]
[Date "2011.12.10"]
[Round "3.3"]
[White "Monteiro Rodrigues, Carlos"]
[Black "Ortega Hernandez, Carmelo"]
[Result "0-1"]
[WhiteElo "1696"]
[BlackElo "1771"]
[PlyCount "89"]
[EventDate "2011.11.12"]
[EventType "team-tourn"]
[EventRounds "14"]
[EventCountry "ESP"]
[SourceTitle "EXT 2013"]
[Source "ChessBase"]
[SourceDate "2012.11.22"]
[SourceVersion "1"]
[SourceVersionDate "2012.11.22"]
[SourceQuality "1"]
[WhiteTeam "Cajota 64"]
[BlackTeam "Panaderia Pulido San Mateo"]
[WhiteTeamCountry "ESP"]
[BlackTeamCountry "ESP"]

1. e4 e6 2. d4 d5 3. Nc3 Bb4 4. e5 c5 5. a3 Bxc3+ 6. bxc3 Ne7 7. Qg4 g6 8. Bd3 Qa5 9. Bd2 c4 10. Be2 Bd7 11. Nf3 h6 12. 0-0 Ba4 13. Bd1 Nd7 14. Qf4 Nf5 15. h3 0-0-0 16. Qh2 g5 17. Ne1 Nxd4 18. f4 Nf5 19. Bg4 Qb6+ 20. Kh1 Ne3 21. Bxe3 Qxe3 22. Rf3 Qe4 23. Qg1 Kb8 24. f5 h5 25. Re3 Qf4 26. g3 Qxe3 27. Qxe3 hxg4 28. Qxg5 Rxh3+ 29. Kg2 Rdh8 30. Qxg4 Rh2+ 31. Kf1 Rh1+ 32. Kf2 exf5 33. Qf4 Ka8 34. Rc1 Nc5 35. Ng2 R1h5 36. Ke3 Bc6 37. Nh4 Ne6 38. Qf2 f4+ 39. Kd2 fxg3 40. Qxf7 Ng5 41. Qg7 Ne4+ 42. Ke3 Rxh4 43. Rf1 a6 44. a4 Nxc3 45. Qxg3 0-1

[Event "Las Palmas Insular-chT Primera-A"]
[Site "Las Palmas"]
[Date "2011.11.12"]
[Round "1.4"]
[White "Ortega Hernandez, Carmelo"]
[Black "Quintana Milan, Maria Victoria"]
[Result "1-0"]
[WhiteElo "1771"]
[BlackElo "1729"]
[PlyCount "27"]
[EventDate "2011.11.12"]
[EventType "team-tourn"]
[EventRounds "14"]
[EventCountry "ESP"]
[SourceTitle "EXT 2013"]
[Source "ChessBase"]
[SourceDate "2012.11.22"]
[SourceVersion "1"]
[SourceVersionDate "2012.11.22"]
[SourceQuality "1"]
[WhiteTeam "Panaderia Pulido San Mateo"]
[BlackTeam "Telde Los Llanos"]
[WhiteTeamCountry "ESP"]
[BlackTeamCountry "ESP"]

1. f4 Nf6 2. Nf3 Nc6 3. e3 d5 4. Bb5 Bd7 5. b3 e6 6. Bb2 Bd6 7. 0-0 Qe7 8. Bxc6 Bxc6 9. Ne5 Bxe5 10. fxe5 Nd7 11. Qg4 Rg8 12. Ba3 Qd8 13. Qh5 g6 14. Qxh7 1-0